000 00657nam a2200217 a 4500
999 _c10586
_d10586
003 PK-NaQUE
005 20241031093930.0
008 241031b ||||| |||| 00| 0 eng d
020 _a0132664232 (hardcover)
020 _a9780132664233 (hardcover)
040 _cQUEST
100 1 _aDavid, Fred R.
245 1 0 _aStrategic Management Concepts and Cases: a competitive advantage approach
250 _a14th ed.
260 _a[S.l.] :
_bPrentice Hall,
_c2012.
300 _a688 p. ;
650 _aStrategic planning--Case studies.
650 _aStrategic planning.
856 _uhttp://10.10.170.122:8080/browse/book/26028
_yeBook
942 _cBK
_2ddc